|
|
|
|
| LEADER |
00000nab a2200000 a 4500 |
| 001 |
vtls000925293 |
| 003 |
SK-MaSNL |
| 005 |
20260303223316.0 |
| 008 |
040720e19970523xo 0 slo |
| 035 |
|
|
|a KE34170
|
| 040 |
|
|
|a KEVKJB
|b slo
|c KEVKJB
|e AACR2
|
| 041 |
0 |
|
|a slo
|
| 044 |
|
|
|a xo
|c SK
|
| 080 |
|
|
|a 633.88
|2 1981
|
| 080 |
|
|
|a 631.52
|2 1981
|
| 100 |
1 |
|
|a Macková, A.
|4 aut
|9 316872
|
| 245 |
1 |
0 |
|a Výsledky výskumu vstupujú do praxe
|b O perspektívach využitia účinkov liečivých rastlín s Ing. A. Mackovou, CSc.
|
| 610 |
2 |
7 |
|a Univerzita Pavla Jozefa Šafárika v Košiciach.
|b Prírodovedecká fakulta.
|b Katedra experimentálnej botaniky a genetiky
|2 KEVKJB
|9 29709
|
| 650 |
0 |
7 |
|a liečivé rastliny
|2 KEVKJB
|9 3510
|
| 650 |
0 |
7 |
|a šľachtenie rastlín
|2 KEVKJB
|9 3635
|
| 650 |
0 |
7 |
|a rozhovory
|2 KEVKJB
|9 453585
|
| 651 |
|
7 |
|a Košice (Slovensko)
|2 KEVKJB
|9 18694
|
| 651 |
|
7 |
|a KE,
|2 KEVKJB
|9 877256
|
| 655 |
|
7 |
|a periodikum
|2 snkbucl
|9 29553
|
| 710 |
2 |
|
|a Univerzita Pavla Jozefa Šafárika v Košiciach.
|b Prírodovedecká fakulta.
|b Katedra experimentálnej botaniky a genetiky
|4 aut
|9 29709
|
| 773 |
0 |
8 |
|t Roľnícke noviny, č.117, 23.5.1997
|
| 773 |
0 |
8 |
|i Príl.:
|t Agrokonzult, s.B2. 1 fot.
|
| 852 |
|
|
|a ZVYKNI
|b KIS3GCP
|
| 999 |
|
|
|c 2247151
|d 2249081
|